000 01018nam a22003017i 4500
003 EG-GICUC
005 20260121101652.0
008 260106s1907 be ||||fr||| 00|00 fre d
040 _aEG-GiCUC
_cEG-GiCUC
_dEG-GiCUC
_eRda
_bfre
041 _afre
082 0 4 _221
_a341.33
_bLE . D
092 0 4 _221
099 _aLaw1 11 341.33 LE . D 1907
100 1 _aLeval, Gaston De
_eAuteur
245 1 0 _aDe La Protection Diplomatique Des Nationaux A L'étranger /
_cPar Gaston De Leval.
264 1 _aBelgique-Bruxelles :
_bE. Bruylant,
_c1907.
300 _a3 unnumbered pages, 188 pages
_c24 cm.
336 _2rda contenu
_a texte
337 _2rda medias
_aOrdinateur
338 _2 transporteur rda
_a Ressource en ligne
504 _aInclude Bibliographic references
546 _aTexte en français
650 1 4 _aDiplomatie
_xDroit international public
_2qrmak
650 1 4 _aDiplomatic protection.
856 4 0 _uhttps://fll.law.cu.edu.eg/fulltext/bks/B11-06611.pdf
905 _a75
942 _2ddc
_cBK
_e21
_n0
999 _c54813
_d54813